| 000 | 01511 a2200229 4500 | ||
|---|---|---|---|
| 003 | Nust | ||
| 005 | 20230712110743.0 | ||
| 010 | _a 79007997 | ||
| 020 | _a9971513137 | ||
| 040 | _cNust | ||
| 082 | 0 | 0 | _a530.12,GAS |
| 100 | 1 |
_a Gasiorowicz, Stephen _996020 |
|
| 245 | 0 | 0 |
_aQuantum Physics / _cStephen Gasiorowicz |
| 250 | _a2nd edition | ||
| 260 |
_aNew York : _bArno Press, _c2000. |
||
| 300 |
_aca. 750 p. in various pagings ; _c24 cm. |
||
| 490 | 0 | _aThree centuries of science in America | |
| 505 | _aThe Limits of Classical Physics (Page-1), Wave Packets and the Uncertainty Relations (Page-27), The Schrodinger wave Equation(Page-45) Eignfuncations and Eignvalues (Page-57) One Dimensions Potentials (Page-75), The General Structure of Wave Mechanics (Page-111), Operator Methods in Quantum Mechanics (Page-127), N Particle Systems (Page-141), The Schrodinger Equations in three Dimensions (Page-155), Angular Momentum (Page-167), The Addition of Angular Moment a (Page-243), Time Independent Perturbation Theory (Page-255), The Real Hydrogen Atom (Page-271), The Helium Atom (Page-283), The Structure of Atoms (Page-299), Molecules (Page-313), Molecular Structure (Page-327), The Radiation Atoms (Page-341), Collision Theory (Page-379), The Absorption of Radiation in Matter (Page-409), Elementary Particles and Their Symmetries (Page-423), Special Topics (Page-459). | ||
| 650 | 0 |
_aPhysics _zUnited States _xHistory. _9113566 |
|
| 650 | 0 |
_aQuantum theory _xHistory. _9113567 |
|
| 942 |
_2ddc _cBKB |
||
| 999 |
_c180734 _d180734 |
||